| 000 | 00378nam a22001577a 4500 | ||
|---|---|---|---|
| 003 | SGT | ||
| 020 | _a9789381608548 | ||
| 082 |
_a615.53 _bD23H |
||
| 100 | _aHEGDE, PRAKASH,L | ||
| 245 | _aA TEXT BOOK OF DRAVYAGUNA VIJNANA | ||
| 260 |
_aNEW DELHI _bCHAUKHAMBHA PUB. _c2024 |
||
| 300 | _a764+10 | ||
| 650 | _aDRAVYAGUNA | ||
| 653 | _aDRAVYAGUNA , VIJNANA | ||
| 942 |
_2ddc _cBK _019 |
||
| 999 |
_c27480 _d27480 |
||